|
|
|
|
| LEADER |
00000nam0a2200000 4500 |
| 001 |
247006 |
| 005 |
20231101232248.0 |
| 035 |
|
|
|a (RuTPU)RU\TPU\book\268475
|
| 035 |
|
|
|a RU\TPU\book\162874
|
| 090 |
|
|
|a 247006
|
| 100 |
|
|
|a 20131212d1971 m y0rusy50 ca
|
| 101 |
1 |
|
|a rus
|c eng
|
| 102 |
|
|
|a RU
|
| 105 |
|
|
|a a j 000zy
|
| 200 |
1 |
|
|a Физика пространства-времени
|e пер. с англ.
|f Э. Ф. Тейлор, Дж. А. Уилер
|
| 205 |
|
|
|a 2-е изд., доп.
|
| 210 |
|
|
|a Москва
|c Мир
|d 1971
|
| 215 |
|
|
|a 319 с.
|c ил.
|
| 606 |
1 |
|
|a Пространство и время
|x (физика)
|2 stltpush
|3 (RuTPU)RU\TPU\subj\52844
|9 71233
|
| 610 |
1 |
|
|a физика
|
| 610 |
1 |
|
|a теория относительности
|
| 610 |
1 |
|
|a геометрия
|
| 610 |
1 |
|
|a пространство-время
|
| 610 |
1 |
|
|a импульсы
|
| 610 |
1 |
|
|a энергия
|
| 610 |
1 |
|
|a упражнения
|
| 610 |
1 |
|
|a задачи
|
| 610 |
1 |
|
|a решения
|
| 610 |
1 |
|
|a учебники
|
| 675 |
|
|
|a 530.12(075.8)
|v 3
|
| 700 |
|
1 |
|a Тейлор
|b Э. Ф.
|g Эдвин Ф.
|
| 701 |
|
1 |
|a Уилер
|b Дж. А.
|g Джон Арчибалд
|
| 801 |
|
1 |
|a RU
|b 63413507
|c 20081229
|g PSBO
|
| 801 |
|
2 |
|a RU
|b 63413507
|c 20200828
|g PSBO
|
| 942 |
|
|
|c BK
|